| 000 | 00459nam a22001697a 4500 | ||
|---|---|---|---|
| 999 |
_c478301 _d478301 |
||
| 003 | NUST | ||
| 005 | 20180521052009.0 | ||
| 008 | 180521b ||||| |||| 00| 0 eng d | ||
| 020 | _a9788126514663 | ||
| 082 | _a621.381 | ||
| 100 |
_aAnil K. Maini _910359 |
||
| 245 |
_aDigital Electronics _bPrinciples and Integrated Circuits _cAnil K. Maini |
||
| 250 | _aWiley India Edition | ||
| 260 |
_aIndia _bWiley _c2008 |
||
| 300 |
_a584p. _bPb. |
||
| 942 |
_2ddc _cBK |
||